El maestro ignorante: cinco lecciones sobre la emancipación intelectual

Kaydedildi:
Detaylı Bibliyografya
Yazar: Rancière, Jacques, 1940- (Yazar)
Materyal Türü: Kitap
Dil:İspanyolca
Baskı/Yayın Bilgisi: Buenos Aires Libros del Zorzal 2007
Edisyon:1a. ed
Seri Bilgileri:Mirada Atenta
Konular:
Etiketler: Etiketle
Etiket eklenmemiş, İlk siz ekleyin!

MARC

LEADER 00000cam a2200000 a 4500
001 UCF1535
003 CL-VaPUC
008 120711e20070000AG |||||||||||||||||spa|d
020 |a 9789875990548 
082 0 4 |a 370.112  |b RAN  |2 21 
100 |a Rancière, Jacques,  |d 1940-  |e author  |9 557220 
245 1 3 |a El maestro ignorante: cinco lecciones sobre la emancipación intelectual 
250 |a 1a. ed 
300 |a 173 p 
942 |c BK 
945 |d 20120711 00:00:00  |a cmena 
260 |a Buenos Aires  |b Libros del Zorzal  |c 2007 
650 0 |a Filosofía de la educación   |9 258384 
650 0 |a Libertad  |9 255686 
650 0 |a Rol del docente  |9 329733 
583 |a last modification  |c 20120711 16:46:00  |k Rodrigo Vera 
490 0 |a Mirada Atenta 
999 |c 348262  |d 348260 
952 |0 0  |1 0  |4 0  |6 370_112000000000000_RAN_2007  |7 0  |8 A  |9 450221  |a BIBART  |b BIBART  |d 2019-11-22  |i 4882164  |l 1  |o 370.112 RAN 2007  |p 4882164  |r 2025-03-13  |s 2023-10-02  |w 2019-11-22  |y BK  |k ART